مكتبة جامعة عجلون الوطنية

فهرس بحث المكتبة

ملمس القطن : قصص قصيرة (Record no. 34131)

MARC details
000 -LEADER
fixed length control field 00677nam a22001937a 4500
003 - CONTROL NUMBER IDENTIFIER
control field JO-AjAnu
005 - DATE AND TIME OF LATEST TRANSACTION
control field 20251021095455.0
008 - FIXED-LENGTH DATA ELEMENTS--GENERAL INFORMATION
fixed length control field 251018b jo ||||| |||| 00| 0 ara d
020 ## - INTERNATIONAL STANDARD BOOK NUMBER
International Standard Book Number 978-9923-40-452-2
022 ## - INTERNATIONAL STANDARD SERIAL NUMBER
International Standard Serial Number 4993/9/2021
040 ## - CATALOGING SOURCE
Original cataloging agency ANU
Transcribing agency JO-AjAnu
100 ## - MAIN ENTRY--PERSONAL NAME
Personal name سلامة، ليلى جاسر
Relator term مؤلف
9 (RLIN) 66889
245 ## - TITLE STATEMENT
Title ملمس القطن : قصص قصيرة
Statement of responsibility, etc. / ليلى جاسر سلامة
250 ## - EDITION STATEMENT
Edition statement الطبعة الاولى
260 ## - PUBLICATION, DISTRIBUTION, ETC.
Place of publication, distribution, etc. عمان :
Name of publisher, distributor, etc. خطوط وظلال للنشر والتوزيع،
Date of publication, distribution, etc. 2022
300 ## - PHYSICAL DESCRIPTION
Extent 100 صفحة
650 ## - SUBJECT ADDED ENTRY--TOPICAL TERM
Form subdivision القصص العربية-الأدب العربي-العصر الحديث
942 ## - ADDED ENTRY ELEMENTS (KOHA)
Source of classification or shelving scheme Library of Congress Classification
Koha item type Books
Suppress in OPAC No
Holdings
Withdrawn status Lost status Source of classification or shelving scheme Damaged status Not for loan Home library Current library Date acquired Total Checkouts Full call number Barcode Date last seen Price effective from Koha item type
    Library of Congress Classification     مكتبة جامعة عجلون الوطنية مكتبة جامعة عجلون الوطنية 18/10/2025   PJ7808.2022 A30527 18/10/2025 18/10/2025 Books
    Library of Congress Classification     مكتبة جامعة عجلون الوطنية مكتبة جامعة عجلون الوطنية 18/10/2025   PJ7808.2022 A30528 18/10/2025 18/10/2025 Books